Obras de la gloriosa madre santa Teresa de Jesus, fundadora de la reforma de la Orden de Nuestra Señora del Carmen, de la Primitiva Observancia

Detalles Bibliográficos
Autor principal: Teresa de Jesús santa 1515-1582
Formato: Libro
Lenguaje:Spanish
Publicado: en Madrid 1778
Materias:
Colección:Banco de datos
Acervo:Biblioteca de la Congregación del Oratorio de San Felipe Neri de México. Iglesia La Profesa
Descripción Física:2 t. il. 4°
Notas:Portada tipográfica a dos tintas con pleca y grabado central xilográfico. Texto a renglón seguido. Incluye iustraciones. Incluye frontispicio en grabado calcográfico elaborado por Palomino. Incluyen cabeceras de título en grabado xilográfico. Incluyen capitulares en grabado xilográfico. Cada tomo con portada y numeración propias. Año de los t. 1-2 publicados en 1778. Paginación: t. 1 [19] h., 686 p.; [4] h., 612, LXIII p. Encuadernación en piel sobre cartón (2619, 2620). Sello en tinta del Oratorio de San Felipe Neri de México. Biblioteca La Profesa, D.F. (2619, 2620). Testigo: impreso en la p. 586 y 602 (2620)
LEADER 01421nam a22001810004500
035 |a 1534 
041 0 |a spa 
100 1 |a Teresa de Jesús  |c santa  |d 1515-1582 
245 1 0 |a Obras de la gloriosa madre santa Teresa de Jesus, fundadora de la reforma de la Orden de Nuestra Señora del Carmen, de la Primitiva Observancia 
260 |a en Madrid  |b en la imprenta de Josef Doblado  |c 1778 
300 |a 2 t.  |b il.  |c 4° 
500 |a Portada tipográfica a dos tintas con pleca y grabado central xilográfico. Texto a renglón seguido. Incluye iustraciones. Incluye frontispicio en grabado calcográfico elaborado por Palomino. Incluyen cabeceras de título en grabado xilográfico. Incluyen capitulares en grabado xilográfico. Cada tomo con portada y numeración propias. Año de los t. 1-2 publicados en 1778. Paginación: t. 1 [19] h., 686 p.; [4] h., 612, LXIII p. Encuadernación en piel sobre cartón (2619, 2620). Sello en tinta del Oratorio de San Felipe Neri de México. Biblioteca La Profesa, D.F. (2619, 2620). Testigo: impreso en la p. 586 y 602 (2620)  
504 |a Índices de capítulos, de las cosas más notables y de los lugares de la Escritura 
600 1 4 |a Teresa de Jesús, santa, 1515-1582-Obras 
949 |a Iglesia La Profesa, Biblioteca t. 1 (2619); t. 2 (2620) 
942 |c PROFESA 
943 |g Biblioteca de la Congregación del Oratorio de San Felipe Neri de México. Iglesia La Profesa 
999 |c 948345  |d 948345